Biggest Cities starting with B - Statistics

General Stats
  • This quiz has been taken 36 times
    22 since last reset
  • The average score is 26 of 68
Answer Stats
Country Population City % Correct
Argentina 15.618.000 Buenos Aires
100%
Iraq 7.921.000 Baghdad
95%
Thailand 11.233.000 Bangkok
95%
Spain 5.711.000 Barcelona
95%
China 22.189.000 Beijing
95%
Lebanon 2.402.000 Beirut
95%
Serbia 1.410.000 Belgrade
95%
Germany 3.576.000 Berlin
95%
United Kingdom 2.684.000 Birmingham
95%
Colombia 11.658.000 Bogota
95%
Brazil 4.935.000 Brasilia
95%
Belgium 2.132.000 Brussels
95%
Azerbaijan 2.464.000 Baku
86%
India 14.008.000 Bangalore
86%
Australia 2.536.000 Brisbane
86%
Romania 1.767.000 Bucharest
86%
Hungary 1.780.000 Budapest
86%
Mali 3.050.000 Bamako
81%
Republic Congo 2.724.000 Brazzaville
81%
Brazil 6.300.000 Belo Horizonte
76%
South Korea 3.477.000 Busan
76%
France 1.009.000 Bordeaux
71%
Italy 816.000 Bologna
67%
Kyrgyzstan 1.127.000 Bishkek
62%
Indonesia 2.714.000 Bandung
57%
Colombia 2.373.000 Barranquilla
57%
Central African Republic 985.000 Bangui
52%
Brazil 2.432.000 Belem
52%
Turkey 2.115.000 Bursa
48%
Burundi 1.277.000 Bujumbura
43%
Iraq 1.485.000 Basra
38%
India 2.624.000 Bhopal
33%
Colombia 1.396.000 Bucaramanga
29%
Nigeria 1.972.000 Benin City
19%
China 2.149.000 Baoding
14%
Colombia 1.267.000 Barquisimeto
14%
Italy 918.000 Bergamo
14%
China 2.381.000 Baotou
10%
Indonesia 3.830.000 Bekasi
10%
India 1.289.000 Bhubaneswar
10%
Pakistan 944.000 Bahawalpur
5%
Indonesia 1.186.000 Bandar Lampung
5%
China 1.290.000 Baoji
5%
India 1.380.000 Bareilly
5%
Indonesia 1.806.000 Batam
5%
China 959.000 Bengbu
5%
Angola 843.000 Benguela
5%
China 1.237.000 Benxi
5%
India 924.000 Bhiwandi
5%
Burkina Faso 1.185.000 Bobo Dioulasso
5%
Indonesia 1.256.000 Bogor
5%
DR Congo 1.308.000 Bukavu
5%
Philippines 757.000 Bacoor
0%
China 956.000 Baishan
0%
Brazil 1.965.000 Baixada Santista
0%
Libya 870.000 Banghazi
0%
Indonesia 785.000 Banjarmasin
0%
China 1.225.000 Bazhong
0%
India 783.000 Belgaum
0%
India 751.000 Bhavnagar
0%
Vietnam 1.142.000 Bien Hoa
0%
India 835.000 Bikaner
0%
China 1.233.000 Binzhou
0%
Malawi 1.070.000 Blantyre Limbe
0%
Bangladesh 944.000 Bogra
0%
China 854.000 Bozhou
0%
South Korea 826.000 Bucheon
0%
DR Congo 856.000 Bunia
0%
No matching quizzes found
Score Distribution
Percent of People with Each Score
Percentile by Number Answered
Your Score History
You have not taken this quiz since the last reset